Islam and Pakistan's identity / (Record no. 16329)
[ view plain ]
| 000 -LEADER | |
|---|---|
| fixed length control field | 01049aam a2200349 a 4500 |
| 001 - CONTROL NUMBER | |
| control field | 4822396 |
| 005 - DATE AND TIME OF LATEST TRANSACTION | |
| control field | 20170105102937.0 |
| 008 - FIXED-LENGTH DATA ELEMENTS--GENERAL INFORMATION | |
| fixed length control field | 030908s2003 pk b 001 0 eng |
| 010 ## - LIBRARY OF CONGRESS CONTROL NUMBER | |
| LC control number | 2003344361 |
| 020 ## - INTERNATIONAL STANDARD BOOK NUMBER | |
| International Standard Book Number | 9694163137 |
| 025 ## - OVERSEAS ACQUISITION NUMBER | |
| Overseas acquisition number | P-E-2003344361; 07; 08 |
| 035 ## - SYSTEM CONTROL NUMBER | |
| System control number | (OCoLC)ocm54685401 |
| 035 ## - SYSTEM CONTROL NUMBER | |
| System control number | (NNC)4822396 |
| 040 ## - CATALOGING SOURCE | |
| Original cataloging agency | DLC |
| Transcribing agency | DLC |
| 042 ## - AUTHENTICATION CODE | |
| Authentication code | lcode |
| 043 ## - GEOGRAPHIC AREA CODE | |
| Geographic area code | a-ii--- |
| -- | a-pk--- |
| 050 00 - LIBRARY OF CONGRESS CALL NUMBER | |
| Classification number | DS480.45 |
| Item number | .I576 2003 |
| 082 ## - DEWEY DECIMAL CLASSIFICATION NUMBER | |
| Classification number | 954.91297 |
| Author Mark | IQB 2003 |
| 100 1# - MAIN ENTRY--PERSONAL NAME | |
| Personal name | Iqbāl, Jāvīd. |
| 245 10 - TITLE STATEMENT | |
| Title | Islam and Pakistan's identity / |
| Statement of responsibility, etc. | Javid Iqbal. |
| 250 ## - EDITION STATEMENT | |
| Edition statement | 1st ed. |
| 260 ## - PUBLICATION, DISTRIBUTION, ETC. | |
| Place of publication, distribution, etc. | Lahore : |
| Name of publisher, distributor, etc. | Iqbal Academy : |
| -- | Vanguard Books, |
| Date of publication, distribution, etc. | 2003. |
| 300 ## - PHYSICAL DESCRIPTION | |
| Extent | 391 p. ; |
| Dimensions | 23 cm. |
| 504 ## - BIBLIOGRAPHY, ETC. NOTE | |
| Bibliography, etc. note | Includes bibliographical references and index. |
| 650 #0 - SUBJECT ADDED ENTRY--TOPICAL TERM | |
| Topical term or geographic name entry element | Pakistan movement. |
| 650 #0 - SUBJECT ADDED ENTRY--TOPICAL TERM | |
| Topical term or geographic name entry element | Muslims |
| General subdivision | Political activity |
| Geographic subdivision | India. |
| 650 #0 - SUBJECT ADDED ENTRY--TOPICAL TERM | |
| Topical term or geographic name entry element | Islam and politics |
| Geographic subdivision | India |
| General subdivision | History. |
| 650 #0 - SUBJECT ADDED ENTRY--TOPICAL TERM | |
| Topical term or geographic name entry element | Religion and politics |
| Geographic subdivision | India |
| General subdivision | History. |
| 651 #0 - SUBJECT ADDED ENTRY--GEOGRAPHIC NAME | |
| Geographic name | India |
| General subdivision | Politics and government |
| Chronological subdivision | 20th century. |
| 942 ## - ADDED ENTRY ELEMENTS (KOHA) | |
| Source of classification or shelving scheme | |
| Koha item type | Book |
| Withdrawn status | Lost status | Damaged status | Not for loan | Collection code | Permanent Location | Current Location | Shelving location | Date acquired | Total Checkouts | Full call number | Barcode | Date last seen | Price effective from | Koha item type |
|---|---|---|---|---|---|---|---|---|---|---|---|---|---|---|
| Centre for International Peace & Stability (CIPS) | Centre for International Peace & Stability (CIPS) | General Stacks | 03/22/2016 | 954.91297 IQB 2003 | CIPS0002734 | 03/22/2016 | 03/22/2016 | Book |
